[Event "CZE-chT2D 1718"]
[Site "Czech Republic"]
[Date "2017.12.17"]
[Round "5.7"]
[White "Novotny, Jan"]
[Black "Vodak, Rostislav"]
[Result "1/2-1/2"]
[WhiteElo "1921"]
[BlackElo "2063"]
[PlyCount "52"]
[EventDate "2017.10.15"]
[EventType "team-tourn"]
[EventRounds "11"]
[EventCountry "CZE"]
[SourceTitle "EXT 2022"]
[Source "ChessBase"]
[SourceDate "2021.10.06"]
[SourceVersion "1"]
[SourceVersionDate "2021.10.06"]
[SourceQuality "1"]
[WhiteTeam "Nachod"]
[BlackTeam "Velke Losiny"]
[WhiteTeamCountry "CZE"]
[BlackTeamCountry "CZE"]

1. d4 e6 2. c4 d5 3. Nc3 Nf6 4. Nf3 Nbd7 5. Bg5 c6 6. Qc2 Be7 7. e3 0-0 8. Bd3 dxc4 9. Bxc4 Nd5 10. Bxe7 Qxe7 11. Nxd5 exd5 12. Bd3 Nf6 13. Ne5 Qb4+ 14. Qd2 Qxd2+ 15. Kxd2 Ne4+ 16. Bxe4 dxe4 17. b4 Be6 18. Rhc1 a5 19. bxa5 Rxa5 20. Nc4 Bxc4 21. Rxc4 Rfa8 22. a4 g6 23. Rb1 Rxa4 24. Rxa4 Rxa4 25. Rxb7 Ra2+ 26. Ke1 Ra1+ 1/2-1/2

[Event "SVK-chT2D 14/15"]
[Site "Slovakia"]
[Date "2014.10.11"]
[Round "1.6"]
[White "Polacko, Frantisek"]
[Black "Novotny, Jan"]
[Result "1-0"]
[WhiteElo "1844"]
[BlackElo "1757"]
[PlyCount "57"]
[EventDate "2014.10.11"]
[EventType "team-tourn"]
[EventRounds "11"]
[EventCountry "SVK"]
[SourceTitle "EXT 2019"]
[Source "ChessBase"]
[SourceDate "2018.10.10"]
[SourceVersion "1"]
[SourceVersionDate "2018.10.10"]
[SourceQuality "1"]
[WhiteTeam "Humenne Reinter II"]
[BlackTeam "Presov Slavia PU"]
[WhiteTeamCountry "SVK"]
[BlackTeamCountry "SVK"]

1. e4 c5 2. Bc4 Nc6 3. Nf3 d6 4. 0-0 Bg4 5. Bxf7+ Kd7 6. h3 Bxf3 7. Qxf3 Nh6 8. Bd5 e6 9. Bxc6+ bxc6 10. c3 Qf6 11. Qe2 Be7 12. Na3 Nf7 13. Nc2 d5 14. d4 dxe4 15. dxc5 Bxc5 16. Qxe4 Nd6 17. Qd3 e5 18. Be3 Bb6 19. Rad1 Kc7 20. Nb4 Rad8 21. Qa6 Nb7 22. Qc4 Na5 23. Qe2 Rhf8 24. Na6+ Kc8 25. b4 Nb7 26. a4 e4 27. a5 Bxe3 28. Qxe3 Rxd1 29. Rxd1 1-0

[Event "Nachod op"]
[Site "Nachod"]
[Date "2009.07.07"]
[Round "4"]
[White "Novotny, Jan"]
[Black "Cechura, Petr"]
[Result "0-1"]
[WhiteElo "1953"]
[BlackElo "2270"]
[PlyCount "100"]
[EventDate "2009.07.04"]
[EventType "swiss"]
[EventRounds "9"]
[EventCountry "CZE"]
[SourceTitle "CBM 131 Extra"]
[Source "ChessBase"]
[SourceDate "2009.09.03"]
[SourceVersion "2"]
[SourceVersionDate "2009.09.16"]
[SourceQuality "1"]

1. d4 d5 2. c4 dxc4 3. e3 e5 4. Bxc4 exd4 5. exd4 Bd6 6. Nf3 Nf6 7. 0-0 0-0 8. Nc3 Bg4 9. Bg5 Nbd7 10. Ne4 Be7 11. Ng3 h6 12. Bf4 Nb6 13. Bb3 Nfd5 14. Be3 Bd6 15. Ne4 Bf4 16. Bxf4 Nxf4 17. Qd2 Nh3+ 18. Kh1 Bxf3 19. gxf3 Nd5 20. Rg1 Nxg1 21. Rxg1 Kh8 22. Ng3 c6 23. Nf5 Qf6 24. Bc2 Rg8 25. Rg3 Ne7 26. Ne3 Rad8 27. Ng4 Rxd4 28. Qe3 Rxg4 29. fxg4 Nd5 30. Qe4 g6 31. Rf3 Qg7 32. b3 Rf8 33. Bd3 Kg8 34. Bc4 Nb6 35. a4 Nxc4 36. Qxc4 Qe5 37. Kg2 Kg7 38. Rd3 b5 39. Qxc6 bxa4 40. Qxa4 Rb8 41. h3 a5 42. Rd4 Rxb3 43. Rd7 Rb4 44. Qa2 Qe4+ 45. Kg3 Qe5+ 46. Kg2 Rf4 47. Ra7 Qe4+ 48. Kg1 Qf3 49. Qb2+ Kh7 50. Rxa5 Qxh3 0-1

[Event "Nachod op"]
[Site "Nachod"]
[Date "2009.07.04"]
[Round "1"]
[White "Voloshin, Leonid"]
[Black "Novotny, Jan"]
[Result "1-0"]
[WhiteElo "2437"]
[BlackElo "1953"]
[PlyCount "85"]
[EventDate "2009.07.04"]
[EventType "swiss"]
[EventRounds "9"]
[EventCountry "CZE"]
[SourceTitle "CBM 131 Extra"]
[Source "ChessBase"]
[SourceDate "2009.09.03"]
[SourceVersion "2"]
[SourceVersionDate "2009.09.16"]
[SourceQuality "1"]

1. e4 c5 2. Nf3 Nc6 3. Bb5 g6 4. Bxc6 dxc6 5. d3 Bg7 6. Nc3 Nf6 7. h3 Qc7 8. Be3 b6 9. Qd2 0-0 10. Bf4 Qd8 11. Bh6 Bb7 12. h4 Bxh6 13. Qxh6 Ng4 14. Qf4 h5 15. e5 Qc7 16. 0-0 Rad8 17. Rfe1 Bc8 18. Re2 Kg7 19. Ne4 Nh6 20. Ng3 Bg4 21. Rae1 Bxf3 22. Qxf3 Rd4 23. Re4 Qd8 24. Qf4 e6 25. Ne2 Rxe4 26. dxe4 Ng4 27. g3 f6 28. exf6+ Rxf6 29. Qg5 e5 30. f3 Nh6 31. Nc3 Qd4+ 32. Kg2 Ng4 33. Re2 Nh6 34. Rd2 Qb4 35. Rd7+ Nf7 36. Qc1 a5 37. a3 Qc4 38. Qd2 b5 39. Nd1 b4 40. b3 Qe6 41. axb4 cxb4 42. Ne3 Kg8 43. Ra7 1-0

[Event "Nachod op 0405"]
[Site "Nachod"]
[Date "2005.??.??"]
[Round "8"]
[White "Novotny, Jan"]
[Black "Dusbaba, Petr"]
[Result "1/2-1/2"]
[WhiteElo "1830"]
[BlackElo "1730"]
[PlyCount "20"]
[EventDate "2004.12.??"]
[EventType "swiss"]
[EventRounds "9"]
[EventCountry "CZE"]
[SourceTitle "EXT 2007"]
[Source "ChessBase"]
[SourceDate "2006.11.23"]
[SourceVersion "1"]
[SourceVersionDate "2006.11.23"]
[SourceQuality "1"]

1. e4 e5 2. Nf3 Nc6 3. Bb5 a6 4. Ba4 Nf6 5. 0-0 b5 6. Bb3 Bc5 7. Re1 d6 8. h3 0-0 9. c3 Ba7 10. d3 h6 1/2-1/2

[Event "Nachod op 0304"]
[Site "Nachod"]
[Date "2004.??.??"]
[Round "?"]
[White "Novotny, Jan"]
[Black "Musil, Stanislav"]
[Result "1/2-1/2"]
[WhiteElo "1865"]
[BlackElo "1705"]
[PlyCount "45"]
[EventDate "2003.12.??"]
[EventType "swiss"]
[EventRounds "9"]
[EventCountry "CZE"]
[SourceTitle "EXT 2007"]
[Source "ChessBase"]
[SourceDate "2006.11.23"]
[SourceVersion "1"]
[SourceVersionDate "2006.11.23"]
[SourceQuality "1"]

1. e4 e6 2. d4 c5 3. Nf3 cxd4 4. Nxd4 a6 5. Bd3 Nc6 6. Be3 d5 7. exd5 Nxd4 8. Bxd4 Qxd5 9. 0-0 Bd7 10. Be2 Bc6 11. Bf3 Qd7 12. c3 Ne7 13. Re1 Nf5 14. Bxc6 Qxc6 15. Be5 Rd8 16. Qe2 Bd6 17. Bxd6 Rxd6 18. Nd2 0-0 19. Nc4 Rd5 20. Ne5 Qd6 21. Rad1 Rd8 22. Rxd5 Qxd5 23. c4 1/2-1/2

[Event "Nachod op 0405"]
[Site "Nachod"]
[Date "2004.??.??"]
[Round "1"]
[White "Novotny, Jan"]
[Black "Ringel, Zbynek"]
[Result "0-1"]
[WhiteElo "1830"]
[BlackElo "2150"]
[PlyCount "58"]
[EventDate "2004.12.??"]
[EventType "swiss"]
[EventRounds "9"]
[EventCountry "CZE"]
[SourceTitle "EXT 2007"]
[Source "ChessBase"]
[SourceDate "2006.11.23"]
[SourceVersion "1"]
[SourceVersionDate "2006.11.23"]
[SourceQuality "1"]

1. e4 c5 2. Nf3 d6 3. d4 cxd4 4. Nxd4 Nf6 5. Nc3 Nc6 6. Be2 e6 7. Be3 Be7 8. 0-0 0-0 9. f4 Qc7 10. Qe1 a6 11. Qg3 Re8 12. Rad1 Rb8 13. f5 Kh8 14. e5 Nxe5 15. fxe6 fxe6 16. Nf3 Neg4 17. Ng5 Nxe3 18. Qxe3 Qc5 19. Qxc5 dxc5 20. Bc4 Ng4 21. Nf7+ Kg8 22. Rde1 b5 23. Bxe6 Bxe6 24. Rxe6 Bf6 25. Rexf6 Nxf6 26. Nh6+ gxh6 27. Rxf6 b4 28. Nd5 Rbd8 29. Rf5 Re2 0-1

[Event "Nachod op 0405"]
[Site "Nachod"]
[Date "2004.??.??"]
[Round "2"]
[White "Vrnata, Jiri"]
[Black "Novotny, Jan"]
[Result "0-1"]
[WhiteElo "1950"]
[BlackElo "1830"]
[PlyCount "116"]
[EventDate "2004.12.??"]
[EventType "swiss"]
[EventRounds "9"]
[EventCountry "CZE"]
[SourceTitle "EXT 2007"]
[Source "ChessBase"]
[SourceDate "2006.11.23"]
[SourceVersion "1"]
[SourceVersionDate "2006.11.23"]
[SourceQuality "1"]

1. Nf3 d5 2. g3 c5 3. Bg2 Nc6 4. d3 Nf6 5. 0-0 e5 6. Nbd2 Be7 7. c3 0-0 8. Qc2 Be6 9. Re1 h6 10. a4 Qc7 11. e4 dxe4 12. dxe4 c4 13. b4 cxb3 14. Qb2 Na5 15. c4 Bc5 16. h3 Qb6 17. Kh2 Bxf2 18. Rf1 Bc5 19. Rb1 Nxc4 20. Nxc4 Bxc4 21. a5 Qxa5 22. Qxe5 Rfe8 23. Qf5 Rxe4 24. Nd2 Bxf1 25. Bxe4 Nxe4 26. Qxe4 Qa6 27. Rxb3 Qe2+ 28. Qxe2 Bxe2 29. Rxb7 Rc8 30. Ne4 Bb6 31. Bf4 Rc2 32. Nd2 f6 33. h4 Bb5 34. Kh3 Be2 35. Rd7 a5 36. g4 Rc3+ 37. Kg2 Rd3 38. Rxd3 Bxd3 39. Bd6 Ba7 40. Kf3 Kf7 41. Kf4 Bd4 42. Nb3 g5+ 43. hxg5 hxg5+ 44. Kf3 Bb2 45. Nxa5 Ke6 46. Bb8 Kd5 47. Nb3 Bc2 48. Nd2 Bd1+ 49. Kg3 Bc1 50. Nf1 Be2 51. Kf2 Bxf1 52. Kxf1 Ke4 53. Kf2 Bf4 54. Ba7 Be5 55. Kg2 Kf4 56. Kh3 Kf3 57. Bc5 f5 58. gxf5 Bg3 0-1

[Event "Nachodsko-ch"]
[Site "Nachod"]
[Date "2001.??.??"]
[Round "8"]
[White "Novotny, Jan"]
[Black "Hejzlar, Zdenek"]
[Result "1/2-1/2"]
[WhiteElo "1910"]
[BlackElo "1945"]
[PlyCount "55"]
[EventDate "2001.??.??"]
[EventType "tourn"]
[EventRounds "13"]
[EventCountry "CZE"]
[SourceTitle "EXT 2007"]
[Source "ChessBase"]
[SourceDate "2006.11.23"]
[SourceVersion "1"]
[SourceVersionDate "2006.11.23"]
[SourceQuality "1"]

1. e4 d5 2. exd5 Nf6 3. d4 Nxd5 4. Nf3 Bg4 5. Be2 e6 6. 0-0 Be7 7. h3 Bh5 8. c4 Nb6 9. Nc3 c6 10. b3 0-0 11. Be3 Na6 12. Ne5 Bxe2 13. Qxe2 Nd7 14. Nxd7 Qxd7 15. Rad1 Nc7 16. Bf4 Bd6 17. Be5 Bxe5 18. dxe5 Qe7 19. Rd3 f5 20. Rfd1 Rfd8 21. Qd2 Rxd3 22. Qxd3 Kf7 23. Qd4 Ke8 24. g3 Rd8 25. Qxa7 Rxd1+ 26. Nxd1 Na6 27. Qd4 Qd7 28. Qxd7+ 1/2-1/2

[Event "Nachodsko-ch"]
[Site "Nachod"]
[Date "2001.??.??"]
[Round "10"]
[White "Wenke, Oldrich"]
[Black "Novotny, Jan"]
[Result "1/2-1/2"]
[WhiteElo "1935"]
[BlackElo "1910"]
[PlyCount "58"]
[EventDate "2001.??.??"]
[EventType "tourn"]
[EventRounds "13"]
[EventCountry "CZE"]
[SourceTitle "EXT 2007"]
[Source "ChessBase"]
[SourceDate "2006.11.23"]
[SourceVersion "1"]
[SourceVersionDate "2006.11.23"]
[SourceQuality "1"]

1. e4 c5 2. d4 e6 3. Nf3 cxd4 4. c3 dxc3 5. Nxc3 Nc6 6. Bc4 d6 7. 0-0 Be7 8. Qe2 a6 9. Rd1 Bd7 10. a4 Rc8 11. Be3 Nf6 12. Rac1 0-0 13. h3 Qa5 14. Bf4 e5 15. Bg5 Be6 16. Bxf6 gxf6 17. Bd5 Kh8 18. Nh4 Nd4 19. Qh5 Rg8 20. Bxe6 fxe6 21. Rxd4 Rg5 22. Qf7 exd4 23. Qxe7 dxc3 24. Qxf6+ Rg7 25. Qxe6 Rcg8 26. Rxc3 Qg5 27. Qg4 Qxg4 28. hxg4 Rxg4 29. Nf5 Rxe4 1/2-1/2